Szczegóły MARC21

Badania marketingowe : poznajemy rynek /

005 -DATA I CZAS OSTATNIEJ MODYFIKACJI [,]
    • @
    • pole kontrolne
    • 20080904120753.0
020 -Międzynarod. znormalizowany nr książki - ISBN [ , ]
    • a
    • Numer ISBN
    • 8387708070 Find
040 -Instytucja sporządzająca opis [ , ]
    • a
    • Instytucja, która sporządziła opis (NP)
    • SZCZ U
    • c
    • Instytucja, która sporządziła rekord (NP)
    • SZCZ U
    • d
    • Instytucja, która zmodyfikowała rekord (P)
    • SZCZ U/AP
041 -Język dokumentu [1, ]
    • a
    • Język tekstu (P)
    • polski
    • h
    • Język tekstu oryginalnego i/lub pośredniego (P)
    • czeski
044 -Kraj miejsca wydania [ , ]
    • a
    • Kraj miejsca wydania
    • Polska
942 -Rodzaj dokumentu [ , ]
    • c
    • Rodzaj dokumentu
    • Książka
100 -Hasło główne - nazwa osobowa [1, ]
    • a
    • Nazwa osobowa (NP)
    • Stávková, Jana
    • d
    • Daty biograficzne (NP)
    • (1947-).
245 -Strefa tytułu i oznaczenia odpowiedzialności [1,0]
    • a
    • Tytuł
    • Badania marketingowe : Find
    • b
    • Ciąg dalszy tytułu (NP)
    • poznajemy rynek / Find
    • c
    • Pozostałe elementy strefy tytułu i oznaczenia odpowiedzialności (NP)
    • Jana Stávková, Jana Turčinková ; Tł. Jerzy Mielecki ; "Edukacja" Wyższa Szkoła Zarządzania we Wrocławiu.
260 -Strefa adresu wydawniczego [ , ]
    • a
    • Miejsce wydania (P)
    • Wrocław :
    • b
    • Nazwa wydawcy (P)
    • Wydawnictwo Wyższej Szkoły Zarządzania,
    • c
    • Data wydania (P)
    • 2005.
300 -Strefa opisu fizycznego [ , ]
    • a
    • Określenie formy książki i/lub objętość (NP)
    • 124 s. :
    • b
    • Oznaczenie ilustracji (NP)
    • il. ;
    • c
    • Format (NP)
    • 24 cm.
490 -Strefa serii i książki wielotomowej - forma nie do wyszukiwania [1, ]
    • a
    • Tytuł (P)
    • Skrypty i Wykłady / Wyższa Szkoła Zarządzania "Edukacja" Find
830 -Hasło dodatkowe serii i opisu książki wielotomowej - tytuł ujednolicony/tytuł [0, ]
    • a
    • Tytuł ujednolicony/tytuł (NP)
    • Skrypty Wyższej Szkoły Zarządzania "Edukacja"
    • 9
    • KHW
    • 92881
500 -Uwaga ogólna [ , ]
    • a
    • Uwaga ogólna (NP)
    • Tł. z jęz. czes.
504 -Uwaga dot. bibliogr. załącznikowej [ , ]
    • a
    • Uwaga dot. bibliografii załącznikowej
    • Bibliogr.
080 -Uniwersalna Klasyfikacja Dziesiętna [ , ]
    • 2
    • Identyfikator wydania tablic
    • UDC-P058
    • a
    • Symbol klasyfikacji
    • 339.138
    • b
    • Dopowiedzenie
    • Marketing. Badania marketingowe.
    • x
    • Poddział wspólny
    • (075.8)
    • b
    • Dopowiedzenie
    • (Podręczniki dla szkół wyższych. Skrypty).
980 -Symbol UKD [ , ]
    • a
    • UKD
    • 339.138(075.8)
700 -Hasło dodatkowe - nazwa osobowa [1, ]
    • a
    • Nazwa osobowa (NP)
    • Turčinková, Jana. Find
700 -Hasło dodatkowe - nazwa osobowa [1, ]
    • a
    • Nazwa osobowa (NP)
    • Mielecki, Jerzy. Find
    • e
    • Określenie rodzaju współpracy
    • Tł.
920 -ISBN [ , ]
    • a
    • ISBN
    • 83-87708-07-0 Find
Lokalizacja Data inwentaryzacji Sygnatura Numer inwentarzowy Status udost.
GW2016-03-24339.138GW.7416-2
T2005-09-19T.8716T.8716-2
T2008-09-02 TM.5890-2